Official UK Cities - Statistics

General Stats
  • This quiz has been taken 68 times
  • The average score is 43 of 69
Answer Stats
letter hint city % Correct
M Manchester
98%
E Edinburgh
97%
G Glasgow
97%
L Liverpool
94%
L London
94%
A Aberdeen
92%
B Birmingham
92%
N Newcastle
92%
B Belfast
90%
C Cardiff
90%
B Bristol
87%
L Leeds
85%
Y York
85%
O Oxford
82%
S Southampton
82%
C Cambridge
79%
S Sheffield
79%
L Leicester
77%
N Nottingham
77%
P Portsmouth
77%
S Swansea
76%
D Derry
74%
N Norwich
74%
D Dundee
73%
B Brighton
69%
E Exeter
69%
W Wolverhampton
69%
P Plymouth
68%
B Bradford
66%
D Derby
66%
I Inverness
66%
C Chester
65%
D Durham
65%
C Carlisle
61%
C Coventry
61%
P Perth
61%
K Kingston
60%
L Lincoln
58%
W Winchester
58%
B Bath
56%
S Stoke
56%
S Sunderland
56%
W Worcester
56%
G Gloucester
53%
L Lancaster
53%
P Preston
53%
S Stirling
53%
C Canterbury
52%
T Truro
50%
W Westminster
48%
S Salford
47%
S St Davids
47%
H Hereford
45%
N Newport
45%
P Peterborough
44%
C Chichester
42%
E Ely
40%
W Wakefield
40%
B Bangor
39%
A Armagh
37%
C Chelmsford
35%
L Lichfield
34%
N Newry
34%
S Salisbury
34%
S St Albans
34%
W Wells
34%
L Lisburn
31%
R Ripon
29%
S St Asaph
29%
No matching quizzes found
Score Distribution
Percent of People with Each Score
Percentile by Number Answered
Your Score History
You have not taken this quiz